000 00418nam a22001697a 4500
003 MPLRDC
005 20220104144349.0
008 210129b ||||| |||| 00| 0 eng d
082 _a628.5 LM
100 _a凌明译
245 _a日本战犯回忆录
_c
250 _a一版
260 _a
_b四海出版社
_c1975
300 _b
650 _a中国现代史; 民国史--中日战争
942 _cBK
_o628.5 LM
999 _c48889
_d48879